| 000 | 01361 a2200229 4500 | ||
|---|---|---|---|
| 003 | MN-UlNLM | ||
| 005 | 20220901172255.0 | ||
| 008 | a130t16b mp ||||| |||| 00| 0 mon d | ||
| 020 | _a99929-90-43-0 | ||
| 040 | _aМонгол Улсын Үндэсний номын сан | ||
| 084 |
_a91.9:83 _2NNA _bМ 695 _q9 |
||
| 110 | _aМУҮНС | ||
| 245 | 0 |
_a"Монголын уран зохиолын дээжис" 108 ботид орсон зохиол бүтээлийн номзүйн лавлах: Номзүйн бүртгэл _cЕрөнх. ред. Д.Саранчимэг |
|
| 260 | 1 |
_c2005 _aУБ _bСодпресс |
|
| 300 | _a380х | ||
| 546 | _aMongolia | ||
| 653 |
_aЛавлах хэвлэл _aНомзүй |
||
| 740 |
_aЭртний домгууд. _aТүүхэн домог, бичиг. _aТуульс. _aТуульслаг өгүүллэг, туужис. _aБуддизм дэлгэрсэн үеийн өгүүллэг, туужис. _aҮг зохиол. _aНамтар. _aМонголчуудын уугуул хэлээр бичсэн зохиолын бүлэг. _aМонголчуудын төвдөөр бичсэн зохиолын бүлэг. _aМонголчуудын хятадаар бичсэн зохиолын бүлэг. _aОрчин үеийн зохиол бүтээлүүд. |
||
| 856 | _aprintbook | ||
| 942 | _cBK | ||
| 999 |
_c63008 _d63008 |
||